000 00309nam a22001337a 4500
008 171006b xxu||||| |||| 00| 0 eng d
020 _a9780205468836
041 _aeng
080 _27 ED
_a159.9
100 _a49
101 _aPSI
245 _aPSYCHOLOGY AND PERSONAL GROWTH
_cGOUD.N
942 _2udc
_cBK
999 _c32417
_d32417